Statistics for US States by population 1940

Click here to take the quiz!

General Stats

  • This quiz has been taken 24 times
  • The average score is 30 of 50

Answer Stats

RankStatePopulation% Correct
1New York13,479,142
100%
3Illinois7,897,241
79%
50Alaska72,524
71%
5California6,907,387
71%
14Georgia3,123,723
71%
8Massachusetts4,316,721
71%
7Michigan5,256,106
71%
10Missouri3,784,664
71%
9New Jersey4,160,165
71%
11North Carolina3,571,623
71%
4Ohio6,907,612
71%
2Pennsylvania9,900,180
71%
6Texas6,414,824
71%
13Wisconsin3,137,587
71%
12Indiana3,427,796
64%
18Minnesota2,792,300
64%
22Oklahoma2,336,434
64%
19Virginia2,677,773
64%
48Wyoming250,742
64%
17Alabama2,832,961
57%
24Arkansas1,949,387
57%
33Colorado1,123,296
57%
47Delaware266,505
57%
45Hawaii422,770
57%
42Idaho524,873
57%
20Iowa2,538,268
57%
16Kentucky2,845,627
57%
21Louisiana2,363,516
57%
35Maine847,226
57%
23Mississippi2,183,796
57%
39Montana559,456
57%
32Nebraska1,315,834
57%
49Nevada110,247
57%
38North Dakota641,935
57%
36Rhode Island713,346
57%
37South Dakota642,961
57%
15Tennessee2,915,841
57%
40Utah550,310
57%
43Arizona499,261
50%
27Florida1,897,414
50%
28Maryland1,821,244
50%
44New Hampshire491,524
50%
41New Mexico531,818
50%
26South Carolina1,899,804
50%
46Vermont359,231
50%
25West Virginia1,901,974
50%
31Connecticut1,709,242
43%
29Kansas1,801,028
43%
34Oregon1,089,684
43%
30Washington1,736,191
43%

Score Distribution

Percentile by Number Answered

Percent of People with Each Score

Your Score History

You have not taken this quiz